000 00862nam a22002537a 4500
003 UA-OsUOA
001 28268
007 ta
008 20050315b un ||||| |||| 00| 0 ukr d
090 _a796/799(03)
_bС74
942 _cBK
040 _aUA-OsUOA
_brus
_cUA-OsUOA
_dUA-OsUOA
245 _aСправочник работника физической культуры и спорта
_bНормативые правовые и програмно-методические документы, практический опыт, рекомендации
_cСост. А. В.Царик
300 _a912 с.
955 _a0
041 _arus
080 _a796/799(03)
020 _a5-85009-796-1
260 _aМ.
_bСоветский спорт
_c2003
044 _aRU
250 _n2-е изд., испр. и доп.
650 7 _2UDC
999 _c314631
_d314631